Sehenswürdigkeiten in Köln - Statistiken

Allgemein
  • Dieses Quiz wurde 155 mal gespielt
  • Das Durchschnittsergebnis liegt bei 8 aus 16
Antwortstatistiken
Bildquiz Antwort % Korrekt
Kölner Dom
100%
Colonius
80%
Köln Hauptbahnhof
80%
Hohenzollernbrücke
79%
Schokoladenmuseum
77%
Lanxess Arena
72%
Kölner Seilbahn
66%
Heumarkt
59%
Rathaus
29%
Museum Ludwig
25%
Messeturm
21%
Römisch-Germanisches Museum
21%
Groß St. Martin
18%
Severinstorburg
18%
KölnTriangle
8%
KölnTurm
8%
Keine übereinstimmenden Quizze gefunden
Verteilung der Resultate
Anzahl Personen mit jedem Resultat
Perzentil nach korrekt beantworteten Fragen
Ihre Resultats-Entwicklung
Sie haben dieses Quiz noch nicht gespielt